Business finance (Record no. 77894)
[ view plain ]
| 000 -LEADER | |
|---|---|
| fixed length control field | 01064nam a2200205 a 4500 |
| 008 - FIXED-LENGTH DATA ELEMENTS--GENERAL INFORMATION | |
| fixed length control field | 120416s1986 ||||||||||||||||| || u |
| 020 ## - INTERNATIONAL STANDARD BOOK NUMBER | |
| International Standard Book Number | 0406501416 |
| 050 ## - LIBRARY OF CONGRESS CALL NUMBER | |
| Classification number | HG 4026 Hig |
| 100 ## - MAIN ENTRY--PERSONAL NAME | |
| Personal name | Higson, C. J |
| 245 10 - TITLE STATEMENT | |
| Title | Business finance |
| 260 ## - PUBLICATION, DISTRIBUTION, ETC. | |
| Place of publication, distribution, etc. | London: |
| Name of publisher, distributor, etc. | Butterworth |
| Date of publication, distribution, etc. | 1986 |
| 300 ## - PHYSICAL DESCRIPTION | |
| Extent | xv, 490p. : ill. |
| 350 ## - | |
| -- | 0.00 |
| 650 #0 - SUBJECT ADDED ENTRY--TOPICAL TERM | |
| Topical term or geographic name entry element | FINANCE--DEVELOPING COUNTRIES |
| 650 ## - SUBJECT ADDED ENTRY--TOPICAL TERM | |
| Topical term or geographic name entry element | BUSINESS ENTERPRISES--FINANCE |
| 995 ## - | |
| -- | MAIN LIBRARY OPEN ACCESS |
| -- | 0.00 |
| -- | 720972 |
| -- | CBU-MAIN LIBRARY (Kitwe) |
| -- | 3 |
| -- | 14.95 |
| -- | HG 4026 Hig |
| -- | 3 |
| -- | AVAILABLE |
| -- | 007395 |
| -- | Main Library Open Access Collection |
| 995 ## - | |
| -- | MAIN LIBRARY OPEN ACCESS |
| -- | 0.00 |
| -- | 720970 |
| -- | CBU-MAIN LIBRARY (Kitwe) |
| -- | 4 |
| -- | 14.95 |
| -- | HG 4026 Hig |
| -- | 1 |
| -- | AVAILABLE |
| -- | 007393 |
| -- | Main Library Open Access Collection |
| 995 ## - | |
| -- | ANNEX COLLECTION (Main Library) |
| -- | 0.00 |
| -- | 720971 |
| -- | CBU-MAIN LIBRARY (Kitwe) |
| -- | 2 |
| -- | 14.95 |
| -- | HG 4026 Hig |
| -- | 2 |
| -- | AVAILABLE |
| -- | 007394 |
| -- | Annex Low-Usage Collection |
| 995 ## - | |
| -- | ANNEX COLLECTION (Main Library) |
| -- | 0.00 |
| -- | 720973 |
| -- | CBU-MAIN LIBRARY (Kitwe) |
| -- | 1 |
| -- | 14.95 |
| -- | HG 4026 Hig |
| -- | 4 |
| -- | AVAILABLE |
| -- | 007396 |
| -- | Annex Low-Usage Collection |
| 999 ## - | |
| -- | 77894 |
| -- | 77894 |
| Withdrawn status | Lost status | Source of classification or shelving scheme | Damaged status | Not for loan | Permanent Location | Current Location | Shelving location | Date acquired | Total Checkouts | Full call number | Barcode | Date last seen | Copy number | Price effective from | Koha item type |
|---|---|---|---|---|---|---|---|---|---|---|---|---|---|---|---|
| CBU-MAIN LIBRARY, KITWE. | CBU-MAIN LIBRARY, KITWE. | 05/03/2023 | HG 4026 Hig | 007395 | 05/03/2023 | 1 | 05/03/2023 | MONOGRAPH | |||||||
| CBU-MAIN LIBRARY, KITWE. | CBU-MAIN LIBRARY, KITWE. | 05/03/2023 | HG 4026 Hig | 007393 | 05/03/2023 | 2 | 05/03/2023 | MONOGRAPH | |||||||
| CBU-MAIN LIBRARY, KITWE. | CBU-MAIN LIBRARY, KITWE. | 05/03/2023 | HG 4026 Hig | 007394 | 05/03/2023 | 3 | 05/03/2023 | MONOGRAPH | |||||||
| CBU-MAIN LIBRARY, KITWE. | CBU-MAIN LIBRARY, KITWE. | 05/03/2023 | HG 4026 Hig | 007396 | 05/03/2023 | 4 | 05/03/2023 | MONOGRAPH |